Загрузка...

My encounter with Gandhi

Библиографические подробности
Главный автор: Diwakar, R R; Author
Формат: Printed Book
Опубликовано: New Delhi, The Gandhi Peace Foundation 1989
Предметы:
LEADER 006050000a22002050004500
020 |a 81-85411-00-X 
082 |a 920 GAN M93 
100 |a Diwakar, R R; Author 
245 |a My encounter with Gandhi 
250
260 |a New Delhi, The Gandhi Peace Foundation 
260 |c 1989 
460 |a xii, 82p 
465 |a Rs.90.00 
500 |a Includes index 
500 |a R R Diwakar 
650 |a Gandhi, Mahatma-Biography 
942 |c BK 
999 |c 43991  |d 43991 
952 |0 0  |1 0  |4 0  |6 920_000000000000000_GAN_M93  |7 0  |8 ENG  |9 44640  |a MGUL  |b MGUL  |d 2013-07-16  |e Rs.90.00  |l 0  |o 920 GAN M93  |p 42292  |r 2013-07-16  |w 2013-07-16  |y BK